La problemática del empleo en Centroamérica /

Salvato in:
Dettagli Bibliografici
Autore principale: Brodersohn, Víctor
Natura: testo
Tags: Aggiungi Tag
Nessun Tag, puoi essere il primo ad aggiungerne!!

MARC

LEADER 00000 a a2200000 04500
001 6920
003
040
100 |a Brodersohn, Víctor  
245 |a La problemática del empleo en Centroamérica /  |c Víctor Brodersohn 
773 |g volumen 49, número 194; páginas 388-421  
999 |c 25935  |d 25935